Geographic dictionary of Alaska, (Record no. 24558)
[ view plain ]
| 000 -LEADER | |
|---|---|
| fixed length control field | 01032cam a22002891 4500 |
| 001 - CONTROL NUMBER | |
| control field | gs 07000161 |
| 003 - CONTROL NUMBER IDENTIFIER | |
| control field | DLC |
| 005 - DATE AND TIME OF LATEST TRANSACTION | |
| control field | 20260227111305.0 |
| 008 - FIXED-LENGTH DATA ELEMENTS--GENERAL INFORMATION | |
| fixed length control field | 790305s1906 dcu d f000 0 eng c |
| 010 ## - LIBRARY OF CONGRESS CONTROL NUMBER | |
| LC control number | gs 07000161 |
| 035 ## - SYSTEM CONTROL NUMBER | |
| System control number | (OCoLC)4712386 |
| 040 ## - CATALOGING SOURCE | |
| Original cataloging agency | U.S. Geol. Survey. Libr. |
| Transcribing agency | ICharE |
| Modifying agency | OCoLC |
| -- | DLC |
| 043 ## - GEOGRAPHIC AREA CODE | |
| Geographic area code | n-us-ak |
| 050 00 - LIBRARY OF CONGRESS CALL NUMBER | |
| Classification number | QE75 |
| Item number | .B9 no. 299 |
| 051 ## - LIBRARY OF CONGRESS COPY, ISSUE, OFFPRINT STATEMENT | |
| Classification number | F902 |
| Item number | .B17 |
| 051 ## - LIBRARY OF CONGRESS COPY, ISSUE, OFFPRINT STATEMENT | |
| Classification number | F902 |
| Item number | .B17a |
| Copy information | Preservation photocopy. ([North Manchester, IN : HF Group, 2012]. 26 cm.) |
| 100 1# - MAIN ENTRY--PERSONAL NAME | |
| Personal name | Baker, Marcus, |
| Dates associated with a name | 1849-1903. |
| 245 10 - TITLE STATEMENT | |
| Title | Geographic dictionary of Alaska, |
| Statement of responsibility, etc. | by Marcus Baker. |
| 250 ## - EDITION STATEMENT | |
| Edition statement | 2d ed. |
| Remainder of edition statement | Prepared by James McCormick. |
| 260 ## - PUBLICATION, DISTRIBUTION, ETC. | |
| Place of publication, distribution, etc. | Washington, |
| Name of publisher, distributor, etc. | Govt. Print. Off., |
| Date of publication, distribution, etc. | 1906. |
| 300 ## - PHYSICAL DESCRIPTION | |
| Extent | 690, ii p. |
| Dimensions | 24 cm. |
| 490 0# - SERIES STATEMENT | |
| Series statement | United States. Geological survey. Bulletin |
| Volume/sequential designation | no. 299 |
| 500 ## - GENERAL NOTE | |
| General note | Subject series: F, Geography, 52. |
| 500 ## - GENERAL NOTE | |
| General note | Issued also as House doc. no. 938, 59th Cong., 1st sess. |
| 500 ## - GENERAL NOTE | |
| General note | First ed. published in 1902 as Bulletin no. 187. |
| 651 #0 - SUBJECT ADDED ENTRY--GEOGRAPHIC NAME | |
| Geographic name | Alaska |
| General subdivision | Gazetteers. |
No items available.